<?xml version="1.0" encoding="UTF-8"?><?xml-stylesheet type="text/xsl" href="static/style.xsl"?><OAI-PMH xmlns="http://www.openarchives.org/OAI/2.0/" xmlns:xsi="http://www.w3.org/2001/XMLSchema-instance" xsi:schemaLocation="http://www.openarchives.org/OAI/2.0/ http://www.openarchives.org/OAI/2.0/OAI-PMH.xsd"><responseDate>2026-05-14T08:53:11Z</responseDate><request verb="GetRecord" identifier="oai:riubu.ubu.es:10259/11503" metadataPrefix="marc">https://riubu.ubu.es/oai/request</request><GetRecord><record><header><identifier>oai:riubu.ubu.es:10259/11503</identifier><datestamp>2026-04-14T00:05:32Z</datestamp><setSpec>com_10259_8911</setSpec><setSpec>com_10259_5086</setSpec><setSpec>com_10259_2604</setSpec><setSpec>col_10259_11501</setSpec></header><metadata><record xmlns="http://www.loc.gov/MARC21/slim" xmlns:doc="http://www.lyncode.com/xoai" xmlns:xsi="http://www.w3.org/2001/XMLSchema-instance" xmlns:dcterms="http://purl.org/dc/terms/" xsi:schemaLocation="http://www.loc.gov/MARC21/slim http://www.loc.gov/standards/marcxml/schema/MARC21slim.xsd">
<leader>00925njm 22002777a 4500</leader>
<datafield tag="042" ind1=" " ind2=" ">
<subfield code="a">dc</subfield>
</datafield>
<datafield tag="720" ind1=" " ind2=" ">
<subfield code="a">Pérez Castaños, Sergio</subfield>
<subfield code="e">author</subfield>
</datafield>
<datafield tag="720" ind1=" " ind2=" ">
<subfield code="a">Hortigüela Arroyo, María Carmen</subfield>
<subfield code="e">author</subfield>
</datafield>
<datafield tag="260" ind1=" " ind2=" ">
<subfield code="c">2025</subfield>
</datafield>
<datafield tag="520" ind1=" " ind2=" ">
<subfield code="a">Este capítulo examina las estrategias comunicativas de Alvise mediante análisis del&#xd;
discurso digital, explorando sus tácticas populistas y movilización de seguidores. Su comunicación refleja los valores de la nueva derecha mediante narrativas polarizadas de&#xd;
impacto emocional, basadas en la lucha cultural y el descontento social, presentándose&#xd;
como alternativa al statu quo.&#xd;
Este análisis permitirá comprender mejor cómo la nueva derecha utiliza las redes sociales como herramientas de poder y persuasión en el panorama político actual, y cómo&#xd;
figuras como Alvise logran movilizar a sus seguidores y consolidar su influencia en la&#xd;
esfera pública.</subfield>
</datafield>
<datafield tag="024" ind2=" " ind1="8">
<subfield code="a">979-13-990662-7-2</subfield>
</datafield>
<datafield tag="024" ind2=" " ind1="8">
<subfield code="a">979-13-990662-6-5</subfield>
</datafield>
<datafield tag="024" ind2=" " ind1="8">
<subfield code="a">https://hdl.handle.net/10259/11503</subfield>
</datafield>
<datafield tag="245" ind1="0" ind2="0">
<subfield code="a">De la red a las urnas: Alvise y el poder de las redes en la derecha alternativa</subfield>
</datafield>
</record></metadata></record></GetRecord></OAI-PMH>